Catálogo público

Memoria (Record no. 89647)

MARC details
000 -CABECERA
campo de control de longitud fija 01352cam a2200361 a 4500
003 - IDENTIFICADOR DEL NÚMERO DE CONTROL
campo de control CHAP
005 - FECHA Y HORA DE LA ÚLTIMA TRANSACCIÓN
campo de control 20220329142922.0
008 - DATOS DE LONGITUD FIJA--INFORMACIÓN GENERAL
campo de control de longitud fija 050223s1995 mx r 10000 spa d
010 ## - NÚMERO DE CONTROL DE LA BIBLIOTECA DEL CONGRESO
Número de control de LC 89647
011 ## - ENLACE DEL NUMERO DE CONTROL DE LA BIBLIOTECA DEL CONGRESO [OBSOLETO]
Número de control de LC 90619
020 ## - NÚMERO INTERNACIONAL ESTÁNDAR DEL LIBRO
Número Internacional Estándar del Libro 9688841943
035 ## - NÚMERO DE CONTROL DEL SISTEMA
Número de control de sistema 101175
040 ## - FUENTE DE LA CATALOGACIÓN
Centro/agencia transcriptor CHAP
082 04 - NÚMERO DE LA CLASIFICACIÓN DECIMAL DEWEY
Número de clasificación 630.72
Número de documento/Ítem F5
111 00 - ENTRADA PRINCIPAL--NOMBRE DE CONGRESO/REUNIÓN
Nombre de congreso/reunión o jurisdicción como elemento de entrada Foro Interno de Evaluación y Perspectivas del Servicio Universitario en la UACH (
Número del congreso/reunión o número de parte o sección 2 :
Fecha del congreso/reunión 1995 :
Sede del congreso/Lugar de la reunión Chapingo, Méx.)
9 (RLIN) 42465
245 10 - MENCIÓN DE TÍTULO
Título Memoria
Mención de responsabilidad, etc. /por UACH. Comité de Servicio Universitario
260 ## - PUBLICACIÓN, DISTRIBUCIÓN, ETC.
Lugar de publicación, distribución, etc. (Chapingo, Méx. :
Nombre del editor, distribuidor, etc. UACH. Comité de Servicio Universitario,
Fecha de publicación, distribución, etc. 1995.
300 ## - DESCRIPCIÓN FÍSICA
Extensión 155 p.
590 ## - NOTA LOCAL (RLIN)
Nota local BATCH-UPD
Procedencia (VM) [OBSOLETO] 10
Condición del los carretes individuales (VM) [OBSOLETO] 20130110
-- UCH01
-- 1016
590 ## - NOTA LOCAL (RLIN)
Nota local BATCH-UPD
Procedencia (VM) [OBSOLETO] 10
Condición del los carretes individuales (VM) [OBSOLETO] 20130410
-- UCH01
-- 0623
590 ## - NOTA LOCAL (RLIN)
Nota local BATCH-UPD
Procedencia (VM) [OBSOLETO] 10
Condición del los carretes individuales (VM) [OBSOLETO] 20130913
-- UCH01
-- 2107
590 ## - NOTA LOCAL (RLIN)
Nota local CONVERSION
Procedencia (VM) [OBSOLETO] 10
Condición del los carretes individuales (VM) [OBSOLETO] 20130109
-- UCH01
-- 1350
650 04 - PUNTO DE ACCESO ADICIONAL DE MATERIA--TÉRMINO DE MATERIA
Término de materia o nombre geográfico como elemento de entrada Agricultura
Subdivisión general Investigación
-- México.
9 (RLIN) 1643
650 04 - PUNTO DE ACCESO ADICIONAL DE MATERIA--TÉRMINO DE MATERIA
Término de materia o nombre geográfico como elemento de entrada Ayuda técnica.
9 (RLIN) 9035
650 04 - PUNTO DE ACCESO ADICIONAL DE MATERIA--TÉRMINO DE MATERIA
Término de materia o nombre geográfico como elemento de entrada Educación superior
Subdivisión general Investigación.
9 (RLIN) 35643
650 04 - PUNTO DE ACCESO ADICIONAL DE MATERIA--TÉRMINO DE MATERIA
Término de materia o nombre geográfico como elemento de entrada Extensión agrícola
Subdivisión general Congresos.
9 (RLIN) 39155
901 ## - ELEMENTOS DE DATOS A LOCAL LDA (RLIN)
a BK
905 ## - ELEMENTOS DE DATOS E LOCAL, LDE (RLIN)
a Alejandra Carrasco M.
942 ## - ELEMENTOS DE PUNTO DE ACCESO ADICIONAL (KOHA)
Tipo de ítem Koha Libro
949 ## - PROCESAMIENTO DE INFORMACIÓN LOCAL (OCLC)
a 630.72 F5
b BC
c CONG
d 33724000795753
e CONG
f c.2
h 104959
i 101175
s b
949 ## - PROCESAMIENTO DE INFORMACIÓN LOCAL (OCLC)
a 630.72 F5
b BC
c LIBRO
d 33724000795886
e LIBRO
h 104958
i 101175
s b
949 ## - PROCESAMIENTO DE INFORMACIÓN LOCAL (OCLC)
a 630.72 F5
b BC
c UACH
d 1011753
e UACH
f c.3
h 104960
i 101175
s b
Holdings
Estado de retiro Estado de pérdida Fuente del sistema de clasificación o colocación Estado dañado Restricciones de uso No para préstamo Código de colección Localización permanente Ubicación/localización actual Ubicación en estantería Fecha de adquisición Información codificada de la localización en otra ubicación Total de préstamos Signatura topográfica completa Código de barras Fecha visto por última vez Número de copia Precio válido a partir de Tipo de ítem Koha Fecha del último préstamo Número de inventario
    Dewey Decimal Classification   Préstamo interno   Congresos Biblioteca Central Biblioteca Central Planta alta - Área de Tesis - Congresos 31/12/2019 LIBRO   630.72 F5 33724000795753 31/12/2019 c.2 31/12/2019 Libro    
    Dewey Decimal Classification   Préstamo 15 días   General Biblioteca Central Biblioteca Central Planta principal - Colección General 31/12/2019 LIBRO 1 630.72 F5 33724000795886 20/08/2024   31/12/2019 Libro 06/08/2024  
        Préstamo 3 días   Publicaciones UACh Biblioteca Central Biblioteca Central Planta alta - Área de Tesis - UACh 31/12/2019 LIBRO   630.72 F5 33724002470231 31/12/2019 c.3 31/12/2019 Libro   127